Los descubrimientos de piaget y el maestro /

Guardado en:
Autor Principal: Churchill, Eileen M.
Formato: Libro
Publicado: Buenos Aires : Paid¢s, 1968
Materias:
Etiquetas: Agregar Etiqueta
Sin Etiquetas, Sea el primero en etiquetar este registro!
LEADER 00504nam a22001815a 4500
001 CEM.cems006825
005 20060214000000.0
008 130507s1968##################000#0#####d
003 CEMS
082 0 4 |a 370.15 
100 1 |a Churchill, Eileen M. 
245 1 0 |a Los descubrimientos de piaget y el maestro / 
260 |a Buenos Aires :  |b Paid¢s,  |c 1968 
300 |a 93 p. 
653 |a Educacion 
653 |a Piaget 
653 |a Psicología educativa 
859 |a CEMS  |b BIB. CEMS - 11 de abril  |h 370.15  |i C475  |p 2484.74  |t Ej.1